000 00535nam a2200145Ia 4500
008 100122s9999 xx 000 0 und d
082 _b66972
_a823
100 _aगुजर अनिल
245 _aएका वाईट माणसाची गूढकथा !
260 _bनिशिगंधा प्रकाशन
_c2005
300 _a320
630 _aएका वाईट माणसाची गूढकथा !
730 _aएका वाईट माणसाची गूढकथा !
942 _cBOOK
999 _c439318
_d439315